The noble scholar, jurist, historian


 His Excellency Dr. Abdul Wahhab bin Ibrahim Abu Sulaiman, may Allah have mercy on him.


 He was born in Umm Al-Qura in the year 1356 AH.

رحلة الحجاز / (Record no. 14645)

MARC details
000 -LEADER
fixed length control field 01383cam a22002891i 4500
003 - CONTROL NUMBER IDENTIFIER
control field SA-RiAUC
005 - DATE AND TIME OF LATEST TRANSACTION
control field 20260316140249.0
008 - FIXED-LENGTH DATA ELEMENTS--GENERAL INFORMATION
fixed length control field 260122q19001999xx a g 000 0dara c
040 ## - CATALOGING SOURCE
Original cataloging agency EG-CaDAJ
Language of cataloging ara
Transcribing agency SA-RiAUC
Description conventions rda
043 ## - GEOGRAPHIC AREA CODE
Geographic area code a-su---
082 04 - DEWEY DECIMAL CLASSIFICATION NUMBER
Classification number 915.31204
Assigning agency SA-RiAUC
090 ## - LOCALLY ASSIGNED LC-TYPE CALL NUMBER (OCLC); LOCAL CALL NUMBER (RLIN)
Classification number (OCLC) (R) ; Classification number, CALL (RLIN) (NR) م ن 915.31204
Local cutter number (OCLC) ; Book number/undivided call number, CALL (RLIN) م ا ز
100 1# - MAIN ENTRY--PERSONAL NAME
Personal name المازني، إبراهيم محمد عبد القادر،
Dates associated with a name 1889-1949
Relator term مؤلف.
245 10 - TITLE STATEMENT
Title رحلة الحجاز /
Statement of responsibility, etc. إبراهيم عبد القادر المازني.
264 #1 - PRODUCTION, PUBLICATION, DISTRIBUTION, MANUFACTURE, AND COPYRIGHT NOTICE
Place of production, publication, distribution, manufacture [مكان النشر غير محدد] :
Name of producer, publisher, distributor, manufacturer [الناشر غير محدد]،
Date of production, publication, distribution, manufacture, or copyright notice [بين 1900 و1999]
264 #3 - PRODUCTION, PUBLICATION, DISTRIBUTION, MANUFACTURE, AND COPYRIGHT NOTICE
Place of production, publication, distribution, manufacture [مكان الطبع غير محدد] :
Name of producer, publisher, distributor, manufacturer مطبعة فؤاد
300 ## - PHYSICAL DESCRIPTION
Extent 166 صفحة :
Other physical details إيضاحيات ؛
Dimensions 29 سم
336 ## - CONTENT TYPE
Content type term نص
Content type code txt
Source rdacontent
Materials specified كتاب
337 ## - MEDIA TYPE
Media type term بدون وسيط
Media type code n
Source rdamedia
338 ## - CARRIER TYPE
Carrier type term مجلد
Carrier type code nc
Source rdacarrier
500 ## - GENERAL NOTE
General note صورة طبق الأصل لـ طبعة 1. -القاهرة : مطبعة فؤاد، 1349 هـ. / 1930 م.
600 17 - SUBJECT ADDED ENTRY--PERSONAL NAME
Personal name المازني، إبراهيم محمد عبد القادر،
Dates associated with a name 1889-1949
General subdivision رحلات
Geographic subdivision السعودية
-- الحجاز
Source of heading or term aucnm
651 #7 - SUBJECT ADDED ENTRY--GEOGRAPHIC NAME
Geographic name الحجاز (السعودية)
General subdivision وصف ورحلات
Source of heading or term aucsh
651 #7 - SUBJECT ADDED ENTRY--GEOGRAPHIC NAME
Geographic name الحجاز (السعودية)
General subdivision جغرافيا
Source of heading or term aucsh
942 ## - ADDED ENTRY ELEMENTS (KOHA)
Source of classification or shelving scheme Dewey Decimal Classification
Koha item type كتاب مصور نادر
Suppress in OPAC No
949 ## - LOCAL PROCESSING INFORMATION (OCLC)
a SA-JeALM
d 260122
u mohamedma123
n 1
Holdings
Withdrawn status Lost status Source of classification or shelving scheme Damaged status Not for loan Home library Current library Date acquired Total checkouts Full call number Barcode Date last seen Price effective from Koha item type
    Dewey Decimal Classification     DR AbdElwahab Library DR AbdElwahab Library 03/16/2026   م ن 915.31204 م ا ز 000023157 03/16/2026 03/16/2026 كتاب مصور نادر